[Event "HUN-chT2 Breyer 1718"]
[Site "Hungary"]
[Date "2017.10.08"]
[Round "2.11"]
[White "Rabi Nagy, Daniel"]
[Black "Komlosi, Tibor"]
[Result "1/2-1/2"]
[WhiteElo "1385"]
[BlackElo "1834"]
[PlyCount "93"]
[EventDate "2017.09.24"]
[EventType "team-tourn"]
[EventRounds "11"]
[EventCountry "HUN"]
[SourceTitle "EXT 2021"]
[Source "ChessBase"]
[SourceDate "2020.10.23"]
[SourceVersion "1"]
[SourceVersionDate "2020.10.23"]
[SourceQuality "1"]
[WhiteTeam "Szekesfehervar"]
[BlackTeam "Kisber Aszar"]
[WhiteTeamCountry "HUN"]
[BlackTeamCountry "HUN"]

1. e4 e6 2. d4 d5 3. exd5 exd5 4. Bd3 Nf6 5. Bf4 Bd6 6. Qe2+ Be6 7. Bxd6 Qxd6 8. Nf3 Nbd7 9. 0-0 0-0-0 10. Ne5 Rde8 11. h3 g5 12. f3 Nh5 13. Re1 Nf4 14. Qd2 f6 15. Nxd7 Bxd7 16. Nc3 c6 17. Rxe8+ Rxe8 18. Ne2 Nxe2+ 19. Bxe2 Qg3 20. Qe1 Qf4 21. Qf2 h5 22. Bd3 f5 23. Re1 Rxe1+ 24. Qxe1 Qxd4+ 25. Qf2 Qxf2+ 26. Kxf2 Kc7 27. f4 g4 28. hxg4 hxg4 29. Ke3 Kd6 30. c3 a5 31. a4 c5 32. Bc2 Ke6 33. g3 b5 34. b3 bxa4 35. bxa4 Kd6 36. Bd1 Bc6 37. Bc2 Ke6 38. Bd1 d4+ 39. cxd4 Kd5 40. Bb3+ c4 41. Bc2 Ke6 42. Kd2 Bd7 43. Ke2 Kd5 44. Ke3 Be6 45. Bb1 Bd7 46. Bc2 Ke6 47. Kd2 1/2-1/2

[Event "Komarom Esztergom County-chT"]
[Site "Hungary"]
[Date "2012.12.16"]
[Round "4.3"]
[White "Komlosi, Tibor"]
[Black "Rako, Istvan"]
[Result "0-1"]
[WhiteElo "1916"]
[BlackElo "2110"]
[PlyCount "51"]
[EventDate "2012.09.29"]
[EventType "team-tourn"]
[EventRounds "10"]
[EventCountry "HUN"]
[SourceTitle "EXT 2014"]
[Source "ChessBase"]
[SourceDate "2013.11.20"]
[SourceVersion "1"]
[SourceVersionDate "2013.11.20"]
[SourceQuality "1"]
[WhiteTeam "Kisber Aszar"]
[BlackTeam "Almasfuezito"]
[WhiteTeamCountry "HUN"]
[BlackTeamCountry "HUN"]

1. e4 c6 2. d4 g6 3. f4 d5 4. e5 Bg7 5. Nf3 Bg4 6. Nbd2 Nh6 7. h3 Bxf3 8. Nxf3 f6 9. Qd3 Nd7 10. g4 fxe5 11. fxe5 e6 12. Ng5 0-0 13. Be3 Qe7 14. 0-0-0 c5 15. c3 a6 16. Be2 cxd4 17. cxd4 Nb6 18. b3 Nf7 19. Nf3 Nd8 20. g5 Nc6 21. Bd2 Rac8 22. Kb1 Nb4 23. Bxb4 Qxb4 24. Qd2 Rc3 25. Rhf1 Rf7 26. Rc1 0-1

[Event "HUN-chT2 Breyer 1112"]
[Site "Hungary"]
[Date "2012.03.25"]
[Round "8.10"]
[White "Komlosi, Tibor"]
[Black "Vorosvacki, Daniel"]
[Result "1-0"]
[WhiteElo "1893"]
[BlackElo "1432"]
[PlyCount "107"]
[EventDate "2011.09.25"]
[EventType "team-tourn"]
[EventRounds "11"]
[EventCountry "HUN"]
[SourceTitle "EXT 2013"]
[Source "ChessBase"]
[SourceDate "2012.11.22"]
[SourceVersion "1"]
[SourceVersionDate "2012.11.22"]
[SourceQuality "1"]
[WhiteTeam "Kisber Aszar"]
[BlackTeam "Zoltek"]
[WhiteTeamCountry "HUN"]
[BlackTeamCountry "HUN"]

1. e4 e5 2. Nf3 Nc6 3. Bb5 Nge7 4. c3 a6 5. Ba4 b5 6. Bc2 d5 7. h3 Bb7 8. 0-0 Ng6 9. Re1 Bc5 10. d4 Be7 11. exd5 Qxd5 12. Be4 Qe6 13. d5 Qd6 14. dxc6 Qxd1 15. Rxd1 Bc8 16. Bxg6 fxg6 17. Nxe5 0-0 18. Be3 Bd6 19. Bd4 Be6 20. Nd2 Rf5 21. Ndf3 Raf8 22. Re1 Bd5 23. b3 Rh5 24. Re3 Be7 25. c4 Be6 26. Nxg6 hxg6 27. Rxe6 Bd6 28. Rxg6 Rf7 29. Re1 Kh7 30. Ree6 bxc4 31. Ng5+ Rxg5 32. Rxg5 cxb3 33. axb3 Bf4 34. Rh5+ Bh6 35. Be3 a5 36. Bxh6 gxh6 37. Rexh6+ Kg7 38. Rh7+ Kf6 39. Rxf7+ Kxf7 40. Rxa5 Ke6 41. Rg5 Kd6 42. h4 Kxc6 43. h5 Kb6 44. h6 c5 45. h7 Kb5 46. h8Q Kb4 47. Qb8+ Kc3 48. Rxc5+ Kb2 49. b4 Kb3 50. Qf4 Ka4 51. b5+ Ka5 52. b6+ Kxb6 53. Qb4+ Ka6 54. Ra5# 1-0

[Event "HUN-chT2 Breyer 1112"]
[Site "Hungary"]
[Date "2011.11.27"]
[Round "4.5"]
[White "Di Giovanni, Vilmos"]
[Black "Komlosi, Tibor"]
[Result "1-0"]
[WhiteElo "1830"]
[BlackElo "1893"]
[PlyCount "91"]
[EventDate "2011.09.25"]
[EventType "team-tourn"]
[EventRounds "11"]
[EventCountry "HUN"]
[SourceTitle "EXT 2013"]
[Source "ChessBase"]
[SourceDate "2012.11.22"]
[SourceVersion "1"]
[SourceVersionDate "2012.11.22"]
[SourceQuality "1"]
[WhiteTeam "MAV Elore"]
[BlackTeam "Kisber Aszar"]
[WhiteTeamCountry "HUN"]
[BlackTeamCountry "HUN"]

1. d4 Nf6 2. Nf3 g6 3. Bf4 Bg7 4. e3 d5 5. Be2 0-0 6. 0-0 c5 7. c3 c4 8. Nbd2 Nc6 9. Ne5 Bd7 10. a4 a6 11. b4 b5 12. a5 Qc8 13. Re1 Be6 14. Bf3 Rd8 15. e4 Nxe4 16. Nxc6 Qxc6 17. Nxe4 dxe4 18. Bxe4 Bd5 19. Bxd5 Qxd5 20. Rxe7 Qf5 21. Qd2 Bf6 22. Re2 Re8 23. Rae1 Rxe2 24. Rxe2 g5 25. Be5 Re8 26. Bxf6 Rxe2 27. Qxe2 Qxf6 28. Qe4 h6 29. f3 Kf8 30. Kf2 Qd6 31. g3 Qf6 32. Ke3 Kg8 33. Qe8+ Kh7 34. Qe5 Qg6 35. Qe4 f5 36. Qc2 Kg7 37. Kf2 Qf6 38. Qe2 f4 39. gxf4 gxf4 40. Qe5 Qxe5 41. dxe5 Kf7 42. Kg2 Ke6 43. Kh3 Kxe5 44. Kg4 h5+ 45. Kxh5 Kf5 46. h4 1-0

[Event "HUN-chT2 Breyer 0607"]
[Site "Hungary"]
[Date "2007.05.06"]
[Round "10"]
[White "Bokros, Norbert"]
[Black "Komlosi, Tibor"]
[Result "0-1"]
[WhiteElo "1859"]
[BlackElo "1897"]
[PlyCount "98"]
[EventDate "2006.11.12"]
[EventType "team"]
[EventRounds "11"]
[EventCountry "HUN"]
[SourceTitle "EXT 2008"]
[Source "ChessBase"]
[SourceDate "2007.11.25"]
[SourceVersion "1"]
[SourceVersionDate "2007.11.25"]
[SourceQuality "1"]
[WhiteTeam "Vertesi Eromu"]
[BlackTeam "Kisber Aszar"]
[WhiteTeamCountry "HUN"]
[BlackTeamCountry "HUN"]

1. e4 e6 2. d4 d5 3. Nd2 Nf6 4. e5 Nfd7 5. Bd3 c5 6. c3 b6 7. Ne2 Ba6 8. Bxa6 Nxa6 9. 0-0 Nab8 10. f4 g6 11. Nf3 Nc6 12. Be3 Be7 13. Rc1 h6 14. Qd2 Na5 15. b3 c4 16. b4 Nc6 17. a4 Nf8 18. f5 gxf5 19. Bxh6 Ng6 20. Bg5 Qd7 21. Bxe7 Qxe7 22. Qg5 Qf8 23. Ng3 Nce7 24. Nh5 0-0-0 25. b5 Ng8 26. a5 N6e7 27. axb6 axb6 28. Ra1 Kb7 29. Ra6 Ra8 30. Rfa1 Rxa6 31. bxa6+ Ka7 32. Nf6 Nxf6 33. exf6 Nc6 34. Qg3 Qb8 35. Qg7 Qf8 36. Qg3 Qd8 37. Ne5 Nxe5 38. dxe5 Qc7 39. Qf4 Qc5+ 40. Kf1 Rg8 41. h3 Qb5 42. Qc1 Qc5 43. Qf4 Rd8 44. g4 fxg4 45. hxg4 d4 46. Rd1 d3 47. Qe4 Qd5 48. Qxd5 Rxd5 49. Re1 b5 0-1

[Event "HUN-chT2 Breyer 0607"]
[Site "Hungary"]
[Date "2007.04.29"]
[Round "9"]
[White "Komlosi, Tibor"]
[Black "Jonas, Daniel"]
[Result "1-0"]
[WhiteElo "1897"]
[BlackElo "1958"]
[PlyCount "65"]
[EventDate "2006.11.12"]
[EventType "team"]
[EventRounds "11"]
[EventCountry "HUN"]
[SourceTitle "EXT 2008"]
[Source "ChessBase"]
[SourceDate "2007.11.25"]
[SourceVersion "1"]
[SourceVersionDate "2007.11.25"]
[SourceQuality "1"]
[WhiteTeam "Kisber Aszar"]
[BlackTeam "Stat PSC II"]
[WhiteTeamCountry "HUN"]
[BlackTeamCountry "HUN"]

1. e4 d6 2. d4 Nf6 3. Nc3 g6 4. Be3 Bg7 5. f4 0-0 6. Nf3 c6 7. Bc4 b5 8. Bd3 Qb6 9. Qd2 Ng4 10. Bg1 a6 11. h3 Nf6 12. Be3 Qc7 13. g4 Nbd7 14. Rg1 e5 15. dxe5 dxe5 16. f5 b4 17. Ne2 c5 18. b3 Bb7 19. Ng3 Rfd8 20. g5 Ne8 21. f6 Bf8 22. h4 h5 23. gxh6 Ndxf6 24. Qe2 Ng4 25. h5 Bxh6 26. Bxh6 Nxh6 27. hxg6 fxg6 28. Bc4+ Kg7 29. Nh5+ Kf8 30. Rxg6 Qh7 31. Nxe5 Rd6 32. Qf2+ Ke7 33. Qh4+ 1-0

[Event "HUN-chT2 Breyer 0607"]
[Site "Hungary"]
[Date "2006.11.12"]
[Round "1"]
[White "Ignacz, Rozsa"]
[Black "Komlosi, Tibor"]
[Result "1-0"]
[WhiteElo "1969"]
[BlackElo "1897"]
[PlyCount "71"]
[EventDate "2006.11.12"]
[EventType "team"]
[EventRounds "11"]
[EventCountry "HUN"]
[SourceTitle "EXT 2008"]
[Source "ChessBase"]
[SourceDate "2007.11.25"]
[SourceVersion "1"]
[SourceVersionDate "2007.11.25"]
[SourceQuality "1"]
[WhiteTeam "Honved II"]
[BlackTeam "Kisber Aszar"]
[WhiteTeamCountry "HUN"]
[BlackTeamCountry "HUN"]

1. d4 Nf6 2. c4 g6 3. Nc3 d5 4. cxd5 Nxd5 5. e4 Nxc3 6. bxc3 Bg7 7. Nf3 c5 8. Be3 0-0 9. Be2 Nc6 10. Qd2 Qa5 11. Rd1 Bg4 12. 0-0 Rfd8 13. Qb2 b6 14. Rd2 e6 15. h3 Bxf3 16. Bxf3 Rac8 17. Rfd1 Ne7 18. dxc5 Rxd2 19. Qxd2 bxc5 20. Qd7 Bf8 21. Bg5 Qc7 22. Qxc7 Rxc7 23. Rd8 Nc6 24. Ra8 Kg7 25. Bf4 e5 26. Bg5 Bd6 27. Be2 h6 28. Be3 Be7 29. Bc4 g5 30. Bd5 Nd8 31. Kf1 Kf6 32. Ke2 Ne6 33. g3 Ng7 34. Kd3 Bd6 35. Kc4 Ke7 36. Rh8 1-0

[Event "HUN-chT2 Breyer 0506"]
[Site "Hungary"]
[Date "2005.12.04"]
[Round "5"]
[White "Komlosi, Tibor"]
[Black "Bencsura, Barnabas"]
[Result "1-0"]
[WhiteElo "1897"]
[BlackElo "2046"]
[PlyCount "151"]
[EventDate "2005.10.16"]
[EventType "team"]
[EventRounds "11"]
[EventCountry "HUN"]
[SourceTitle "EXT 2009"]
[Source "ChessBase"]
[SourceDate "2008.11.26"]
[SourceVersion "1"]
[SourceVersionDate "2008.11.26"]
[SourceQuality "1"]
[WhiteTeam "Kisber Aszar"]
[BlackTeam "Balatonfuered"]
[WhiteTeamCountry "HUN"]
[BlackTeamCountry "HUN"]

1. e4 c5 2. Nf3 e6 3. d4 cxd4 4. Nxd4 a6 5. Nc3 Nc6 6. Be2 Qc7 7. 0-0 Nf6 8. a3 Be7 9. Kh1 0-0 10. Nxc6 dxc6 11. f4 e5 12. f5 b5 13. Bd3 a5 14. Qf3 Bb7 15. Bg5 b4 16. Ne2 c5 17. Bxf6 Bxf6 18. Bc4 Rad8 19. axb4 axb4 20. b3 Rd6 21. Ng3 Bg5 22. Qg4 Qd8 23. Nh5 g6 24. fxg6 Rxg6 25. Qf5 Bf4 26. Nxf4 exf4 27. Qxf4 Qe7 28. Rae1 Kg7 29. Rf2 f5 30. e5 Rg4 31. Qe3 Be4 32. Be2 Rg6 33. Bf3 Qxe5 34. Bxe4 Re6 35. Qg5+ Rg6 36. Qh5 Qc3 37. Ref1 Rh6 38. Qg5+ Rg6 39. Qf4 Rg4 40. Qf3 Rxe4 41. Qxc3+ bxc3 42. Rf3 c4 43. Rxc3 cxb3 44. cxb3 Kg6 45. h3 Rb4 46. Rff3 Re4 47. Kh2 h5 48. Rg3+ Kf6 49. Rgd3 h4 50. Rd5 Re2 51. Rcc5 Ke6 52. Kg1 f4 53. Kf1 Re4 54. Kf2 Rg8 55. Rh5 Rb4 56. Rc3 Rg3 57. Rc2 Rgxb3 58. Rxh4 Rd3 59. Rg4 Kf5 60. Re2 Re3 61. Ra2 Rd4 62. Rg8 Ke4 63. Re8+ Kd3 64. Ra3+ Kc4 65. Rexe3 fxe3+ 66. Kxe3 Rd1 67. Kf3 Rf1+ 68. Kg4 Kd5 69. Rf3 Rg1 70. g3 Ke4 71. h4 Rh1 72. Rf4+ Ke5 73. Kg5 Rh3 74. g4 Rxh4 75. Rf5+ Ke6 76. Kxh4 1-0

[Event "HUN-chT2 Breyer 0506"]
[Site "Hungary"]
[Date "2005.10.16"]
[Round "1"]
[White "Komlosi, Tibor"]
[Black "Nagy, Aron"]
[Result "0-1"]
[WhiteElo "1897"]
[BlackElo "1974"]
[PlyCount "108"]
[EventDate "2005.10.16"]
[EventType "team"]
[EventRounds "11"]
[EventCountry "HUN"]
[SourceTitle "EXT 2009"]
[Source "ChessBase"]
[SourceDate "2008.11.26"]
[SourceVersion "1"]
[SourceVersionDate "2008.11.26"]
[SourceQuality "1"]
[WhiteTeam "Kisber Aszar"]
[BlackTeam "Husi II"]
[WhiteTeamCountry "HUN"]
[BlackTeamCountry "HUN"]

1. e4 e6 2. d4 d5 3. Nc3 Nf6 4. e5 Nfd7 5. Nce2 c5 6. c3 Nc6 7. Nf3 cxd4 8. cxd4 f6 9. exf6 Nxf6 10. Nc3 Bd6 11. Be2 0-0 12. 0-0 Qb6 13. Bb5 Bd7 14. Re1 a6 15. Ba4 Qc7 16. h3 b5 17. Bc2 b4 18. Ne2 Be8 19. Ng5 Nd8 20. Bd2 h6 21. Nf3 Bh5 22. Nh4 Qf7 23. Qb1 Ne4 24. Bxe4 Qxf2+ 25. Kh1 Bxe2 26. Bh7+ Kf7 27. Qg6+ Ke7 28. Qxg7+ Rf7 29. Qxh6 Kd7 30. Ng6 Bf1 31. Nh4 Qg3 32. Re5 Bxe5 33. dxe5 Rf2 34. Be4 dxe4 35. Qh7+ Nf7 36. Qxe4 Rc8 37. Bxb4 Qxe5 38. Rd1+ Ke8 39. Qh7 Qg5 40. Qe4 Qe5 41. Qh7 Qg3 42. Qe4 Bc4 43. Qb7 Qc7 44. Qe4 Bd5 45. Qg6 Qc2 46. Qg8+ Kd7 47. Qg4 Qc4 48. Qg3 Rf1+ 49. Rxf1 Qxf1+ 50. Kh2 Qc4 51. a3 Qc7 52. Qxc7+ Rxc7 53. Ng6 Rc2 54. Nf4 Rxb2 0-1